Oversimplified Country Shapes - Statistics

General Stats
  • This quiz has been taken 111 times
  • The average score is 18 of 20
Answer Stats
Picture Answer % Correct
Australia
99%
United States
99%
Japan
98%
France
97%
India
97%
Mexico
96%
Brazil
94%
China
94%
Italy
94%
Chile
93%
Indonesia
93%
South Africa
91%
Germany
89%
Turkey
89%
Greece
84%
Saudi Arabia
83%
Democratic Republic of the Congo
74%
Ireland
74%
Niger
64%
Ecuador
58%
No matching quizzes found
Score Distribution
Percent of People with Each Score
Percentile by Number Answered
Your Score History
You have not taken this quiz